[Event "Match"]
[Site "www.echecsemail.com"]
[Date "2015.02.06"]
[Round "1"]
[White "Generalfree"]
[Black "Nestor"]
[WhiteElo "1830"]
[BlackElo "2070"]
[Result "1/2-1/2"]
[Round "1"]
1.e4 Ng8f6
2.Nb1c3 e5
3.a3 d5
4.exd5 Nf6xd5
5.Qd1h5 Nb8c6
6.Bf1b5 Nd5xc3
7.dxc3 Bc8e6
8.Bb5xc6 bxc6
9.Qh5xe5 Qd8d5
10.Qe5xd5 cxd5
11.Bc1e3 Bf8d6
12.O-O-O O-O
13.h3 a5
14.Ng1f3 Ra8b8
15.Nf3d4 Be6d7
16.Nd4b3 a4
17.Nb3d4 c5
18.Nd4f5 Bd7xf5
19.Rd1xd5 Bf5xc2
20.Rd5xd6 Bc2b3
21.Be3xc5 Rf8c8
22.Bc5e3 Rc8d8
23.Rd6xd8 Rb8xd8
24.g4 g6
25.Be3b6 Rd8d6
26.Bb6c5 Rd6d5
27.Bc5b4 Kg7
28.Rh1e1 h5
29.gxh5 Rd5xh5
30.Re1e3 Rh5f5
31.f3 Rf5h5
32.f4 Bb3e6
33.Bb4d6 Rh5xh3
34.Re3xh3 Be6xh3
35.c4 Bh3d7
36.c5 f6
37.Kd2 g5
38.fxg5 fxg5
39.Ke3 Kf6
40.Bd6g3 Ke7
41.Ke4 Ke6
42.Kd4 Bd7c6
43.Kc3 Kd5
44.Kb4 Bc6d7
45.Bg3f2 Bd7c6
{ draw }
1/2-1/2

[Event "Match"]
[Site "www.echecsemail.com"]
[Date "2015.02.06"]
[Round "1"]
[White "Rindrandria"]
[Black "Ranjachess"]
[WhiteElo "1500"]
[BlackElo "1590"]
[Result "0-1"]
[Round "1"]
1.e3 e5
2.a3 b6
3.Ng1f3 d6
4.h3 e4
5.Nf3d4 c5
6.Nd4b3 Bc8e6
7.c4 d5
8.Qd1c2 Ng8f6
9.g4 Bf8d6
10.g5 dxc4
11.Bf1xc4 Nf6d5
12.Qc2xe4 Nd5c7
13.Nb1c3 Nb8a6
14.d4 O-O
15.Bc4d3 g6
16.Nb3d2 Be6f5
17.Qe4f3 Bf5xd3
18.dxc5 Na6xc5
19.b4 Bd6e5
20.Bc1b2 Nc5e6
21.O-O-O Ne6xg5
22.Qf3g2 Be5xc3
23.Bb2xc3 Qd8e7
24.Qg2c6 Ng5e4
25.b5 a5
26.Kb2 Ne4xf2
27.Bc3f6 Bd3xb5
28.Qc6f3 Nf2xd1
29.Rh1xd1 Bb5e2
30.Qf3xe2 Qe7xf6
31.Kb1 Nc7d5
32.Rd1c1 Ra8c8
33.Nd2e4 Qf6f5
34.Qe2d3 Rf8e8
35.Rc1c4 Re8xe4
36.Rc4xc8 Kg7
37.Ka2 Qf5xc8
38.Qd3xd5 Re4xe3
39.Qd5d4 Kg8
40.Qd4xe3 b5
41.Qe3e5 Qc8e6
42.Qe5xe6 fxe6
{ resign }
0-1

[Event "Match"]
[Site "www.echecsemail.com"]
[Date "2015.02.06"]
[Round "1"]
[White "Percyval"]
[Black "Anol"]
[WhiteElo "1499"]
[BlackElo "1290"]
[Result "1-0"]
[Round "1"]
1.e4 e5
2.Ng1f3 d6
3.d4 f5
4.Nb1c3 Ng8f6
5.Bf1d3 f4
6.dxe5 dxe5
7.Nf3xe5 Bf8c5
8.Bc1xf4 Nb8d7
9.O-O O-O
10.Bf4g3 Qd8e8
11.Ne5c4 b6
12.e5 Nf6h5
13.Bd3e4 Nd7b8
14.Be4xa8  { time }
1-0

[Event "Match"]
[Site "www.echecsemail.com"]
[Date "2015.02.06"]
[Round "1"]
[White "Carloswhizz"]
[Black "Muller42"]
[WhiteElo "1740"]
[BlackElo "1809"]
[Result "0-1"]
[Round "1"]
1.e4 c6
2.Ng1f3 d5
3.Bf1d3 dxe4
4.Bd3xe4 Ng8f6
5.Nb1c3 Nf6xe4
6.Nc3xe4 Bc8f5
7.Ne4c3 e6
8.O-O Bf8d6
9.d3 O-O
10.Bc1d2 Nb8d7
11.Qd1e2 Qd8c7
12.g3 Bf5g4
13.Nc3e4 Nd7e5
14.Qe2e3 Ne5xf3
15.Kg2 Nf3e5
16.a3 Bg4f3
17.Kg1 Bf3xe4
18.dxe4 Ne5c4
19.Qe3c3 Nc4xd2
20.Qc3xd2 Rf8d8
21.Qd2e3 b6
22.Ra1e1 Bd6c5
23.Qe3g5 Qc7e7
24.Qg5g4 Rd8d2
25.b4 Bc5d6
26.c4 Ra8d8
27.e5 Bd6b8
28.h4 a5
29.h5 Rd2d4
30.Qg4h3 Rd4xc4
31.h6 g6
32.Kg2 axb4
33.axb4 Rc4xb4
34.f4 Rd8d2
35.Kh1 Rb4b2
36.Rf1g1 c5
37.g4 Qe7b7
38.Rg1g2 Rd2xg2
{ resign }
0-1

[Event "Match"]
[Site "www.echecsemail.com"]
[Date "2015.02.06"]
[Round "1"]
[White "Caspito"]
[Black "Darknight"]
[WhiteElo "1830"]
[BlackElo "1760"]
[Result "1-0"]
[Round "1"]
1.e4 e5
2.Ng1f3 d6
3.Nb1c3 c6
4.d4 exd4
5.Nf3xd4 h6
6.Bf1c4 c5
7.Qd1f3 Ng8f6
8.Nc3d5 cxd4
9.Bc1f4 Nb8d7
10.Nd5xf6 Nd7xf6
11.e5 Qd8e7
12.O-O Nf6g8
13.Bc4b5 Bc8d7
14.Qf3xb7 Ra8d8
15.Rf1e1 d5
16.Qb7xd5 Bd7xb5
17.Qd5xb5 Qe7d7
18.Qb5xd7 Rd8xd7
19.Ra1d1 Rd7d5
20.Re1e4 Bf8c5
21.h3 g5
22.Bf4h2 h5
23.e6 f6
24.a3 h4
25.c3 d3
26.b4 Bc5b6
27.a4 a5
28.c4 Rd5d8
29.c5 Bb6a7
30.Bh2d6 axb4
31.Re4xb4 Ng8e7
32.Rb4b7 Ne7c6
33.Rb7c7 Ba7b8
34.Rc7xc6 Bb8xd6
35.cxd6 Rh8h7
36.Rd1xd3 Rh7h8
37.Rc6c7 Rh8g8
38.Rc7f7 Rd8d7
39.Rf7xd7 f5
40.Rd3b3 { resign }
1-0

[Event "Match"]
[Site "www.echecsemail.com"]
[Date "2015.02.06"]
[Round "1"]
[White "Joseph1983"]
[Black "Add"]
[WhiteElo "2190"]
[BlackElo "1900"]
[Result "1-0"]
[Round "1"]
1.e4 d6
2.d4 e6
3.Ng1f3 Nb8d7
4.Nb1c3 h6
5.Bc1e3 Ng8f6
6.Bf1c4 c6
7.Qd1d2 b5
8.Bc4d3 Bc8b7
9.a3 Nf6g4
10.Be3f4 Nd7b6
11.h3 Ng4f6
12.e5 Nf6d5
13.Nc3xd5 Nb6xd5
14.Bf4g3 Bf8e7
15.O-O Nd5b6
16.Qd2e2 a6
17.Ra1d1 Qd8c7
18.exd6 Be7xd6
19.Bg3xd6 Qc7xd6
20.Nf3e5 Nb6d5
21.Qe2g4 O-O
22.Rf1e1 Nd5f6
23.Qg4h4 Qd6d5
24.c4 Qd5d8
25.Re1e3 Kh8
26.Re3g3 Nf6h7
27.Qh4xd8 Ra8xd8
28.Bd3e4 bxc4
29.Be4xc6 Bb7xc6
30.Ne5xc6 Rd8c8
31.Nc6e5 Nh7f6
32.Rg3c3 Nf6d5
33.Rc3xc4 Rc8xc4
34.Ne5xc4 Kg8
35.Rd1d2 Rf8c8
36.Nc4e3 Rc8c6
37.Rd2c2 Rc6d6
38.Rc2c8 Kh7
39.Ne3xd5 Rd6xd5
40.Rc8c4 a5
41.Kf1 g5
42.Ke2 e5
43.dxe5 Rd5xe5
44.Kd2 Re5d5
45.Kc2 Rd5f5
46.f3 h5
47.b4 axb4
48.axb4 Kg6
49.Rc4c5 Rf5f4
50.Kc3 g4
51.hxg4 hxg4
52.Rc5c4 { resign }
1-0

[Event "Match"]
[Site "www.echecsemail.com"]
[Date "2015.02.06"]
[Round "1"]
[White "Crush"]
[Black "Saidgermany"]
[WhiteElo "1720"]
[BlackElo "1809"]
[Result "0-1"]
[Round "1"]
1.e4 c5
2.d4 cxd4
3.Qd1xd4 Nb8c6
4.Qd4d1 Ng8f6
5.Bf1d3 d5
6.exd5 Nf6xd5
7.Nb1c3 Nd5xc3
8.bxc3 g6
9.Ng1f3 Qd8a5
10.Bc1b2 Bf8g7
11.O-O O-O
12.Rf1e1 Bg7xc3
13.Bb2xc3 Qa5xc3
14.g3 Bc8g4
15.h3 Bg4xh3
16.Nf3g5 Bh3c8
17.Qd1f3 Nc6e5
18.Qf3e4 Ne5xd3
19.cxd3 Bc8f5
20.Qe4xe7 Ra8e8
21.Qe7xb7 Re8xe1
22.Ra1xe1 Qc3xe1
23.Kg2 a5
24.Qb7f3 h6
25.Ng5h3 Bf5xh3
26.Kxh3 Rf8e8
27.Kh4 Kg7
28.d4 Qe1e4
29.Qf3g4 Qe4h1
{ resign }
0-1

[Event "Match"]
[Site "www.echecsemail.com"]
[Date "2015.02.06"]
[Round "1"]
[White "Billyg"]
[Black "Georgepapi"]
[WhiteElo "1600"]
[BlackElo "1860"]
[Result "0-1"]
[Round "1"]
1.e4 e5
2.d4 exd4
3.Qd1xd4 Nb8c6
4.Qd4e3 d6
5.Bf1b5 Ng8f6
6.e5 Nf6d5
7.Bb5xc6 bxc6
8.Qe3e2 Bf8e7
9.Ng1f3 O-O
10.O-O Bc8g4
11.h3 Bg4xf3
12.Qe2xf3 dxe5
13.c4 Nd5b4
14.Nb1a3 c5
15.Qf3g3 Be7f6
16.Bc1h6 e4
17.Rf1d1 Qd8e7
18.Rd1e1 Nb4d3
19.Qg3xd3 exd3
20.Re1xe7 Bf6xe7
21.Bh6e3 Rf8d8
22.Ra1d1 Ra8b8
23.Be3d2 Rb8xb2
24.Bd2a5 Be7d6
25.Rd1xd3 Bd6h2
26.Kxh2 Rd8xd3
{ resign }
0-1

[Event "Match"]
[Site "www.echecsemail.com"]
[Date "2015.02.06"]
[Round "1"]
[White "Calponas"]
[Black "Blackpool"]
[WhiteElo "2060"]
[BlackElo "1870"]
[Result "1-0"]
[Round "1"]
1.e4 e5
2.Ng1f3 Nb8c6
3.d4 exd4
4.Nf3xd4 Bf8c5
5.Nd4b3 Bc5b6
6.Bf1d3 d6
7.Nb1c3 Ng8f6
8.Bc1g5 Bc8e6
9.O-O h6
10.Bg5h4 Nc6e5
11.Kh1 Ne5g6
12.Bh4g3 O-O
13.f4 Be6g4
14.Qd1d2 Bg4e6
15.Ra1e1 Be6xb3
16.axb3 Nf6g4
17.Nc3d5 c6
18.Nd5xb6 axb6
19.h3 Ng4f6
20.c3 Rf8e8
21.Qd2f2 Qd8c7
22.e5 Nf6d5
23.exd6 Qc7xd6
24.f5 { resign }
1-0

[Event "Match"]
[Site "www.echecsemail.com"]
[Date "2015.02.06"]
[Round "1"]
[White "Hurtadofredy"]
[Black "Germancho95"]
[WhiteElo "1419"]
[BlackElo "1610"]
[Result "0-1"]
[Round "1"]
1.b3 Ng8f6
2.a3 e6
3.b4 c5
4.bxc5 Bf8xc5
5.d3 d5
6.Bc1b2 b6
7.h3 Bc8b7
8.g4 h6
9.Bb2xf6 Qd8xf6
10.Ra1a2 Qf6xf2
11.Kd2 Bc5e3
12.Kc3 Qf2f6
13.Kb3 Nb8a6
14.Ng1f3 Na6c5
15.Kb4 a5
16.Kb5 Bb7a6
17.Kxb6 Qf6d8
18.Kc6 Ra8c8
{ resign }
0-1

[Event "Match"]
[Site "www.echecsemail.com"]
[Date "2015.02.06"]
[Round "1"]
[White "Apoorva"]
[Black "Guidom"]
[WhiteElo "2170"]
[BlackElo "2040"]
[Result "0-1"]
[Round "1"]
1.d4 d5
2.Ng1f3 c6
3.e3 Bc8g4
4.Bf1e2 Ng8f6
5.Nb1d2 e6
6.Nf3e5 Bg4xe2
7.Qd1xe2 Nb8d7
8.c4 Nd7xe5
9.dxe5 Nf6d7
10.f4 dxc4
11.Nd2xc4 Nd7b6
12.Bc1d2 Nb6xc4
13.Qe2xc4 Qd8b6
14.Bd2c3 Qb6xe3
15.Kf1 Bf8c5
16.Qc4e2 Qe3xf4
 { time }
0-1

[Event "Match"]
[Site "www.echecsemail.com"]
[Date "2015.02.06"]
[Round "1"]
[White "Nestor"]
[Black "Gorgo"]
[WhiteElo "2080"]
[BlackElo "1819"]
[Result "0-1"]
[Round "1"]
1.e4 e5
2.Nb1c3 Ng8f6
3.Bf1c4 Bf8c5
4.d3 c6
5.Ng1e2 d5
6.exd5 cxd5
7.Bc4b3 Nb8c6
8.O-O h6
9.Ne2g3 Bc8g4
10.Qd1e1 O-O
11.Kh1 Ra8c8
12.f3 Bg4e6
13.Nc3a4 Bc5d6
14.c4 Bd6b4
15.Bc1d2 h5
16.Bd2xb4 Nc6xb4
17.Qe1xb4 h4
18.Ng3e2 h3
19.g3 dxc4
20.Bb3xc4 Be6xc4
21.dxc4 Qd8d3
22.Qb4e1 Qd3xc4
23.Na4c3 Nf6d5
24.g4 Nd5e3
25.Rf1g1 Ne3c2
26.Qe1h4 Nc2xa1
27.Rg1g3 Rc8c6
28.Qh4xh3 Rc6h6
29.Qh3f1 Na1c2
30.g5 Rh6h4
31.Qf1b1 Nc2d4
32.g6 Nd4xe2
33.Nc3xe2 Qc4xe2
{ resign }
0-1

[Event "Match"]
[Site "www.echecsemail.com"]
[Date "2015.02.06"]
[Round "1"]
[White "Norbos"]
[Black "Billyg"]
[WhiteElo "1700"]
[BlackElo "1620"]
[Result "1-0"]
[Round "1"]
1.e4 e5
2.d3 Bf8b4
3.Bc1d2 Bb4xd2
4.Qd1xd2 Ng8f6
5.Nb1c3 d5
6.f3 Nb8c6
7.Ng1e2 dxe4
8.Nc3xe4 Nf6xe4
9.fxe4 O-O
10.O-O-O Bc8g4
11.h3 Bg4xe2
12.Qd2xe2 Qd8g5
13.Kb1 Nc6d4
14.Qe2f2 Nd4c6
15.h4 Qg5e7
16.c3 Ra8d8
17.g4 a5
18.h5 b6
19.Rh1g1 Rd8d6
20.g5 f6
21.gxf6 Rd6xf6
22.Qf2h2 h6
23.Bf1e2 Rf6f2
24.Rg1g2 Rf2xg2
25.Qh2xg2 b5
26.Rd1g1 Rf8f7
27.Qg2g6 b4
28.Qg6xc6 bxc3
29.Qc6xc3 Rf7f2
30.Qc3d2 Qe7c5
31.Qd2xh6 Qc5f8
32.Qh6e3 c5
33.h6 Rf2f7
34.Qe3h3 Kh7
35.hxg7 { resign }
1-0

[Event "Match"]
[Site "www.echecsemail.com"]
[Date "2015.02.06"]
[Round "1"]
[White "Derik"]
[Black "Danimunte"]
[WhiteElo "1500"]
[BlackElo "1499"]
[Result "1-0"]
[Round "1"]
1.e4 e5
2.d3 Nb8c6
3.Nb1d2 Bf8c5
4.Ng1f3 Ng8f6
5.g3 O-O
6.Bf1g2 d6
7.O-O b5
8.c4 a6
9.Qd1b3 Ra8b8
10.a4 Bc8b7
11.Nf3h4 Rb8a8
12.Nd2f3  { time }
1-0

[Event "Match"]
[Site "www.echecsemail.com"]
[Date "2015.02.06"]
[Round "1"]
[White "Gilliere"]
[Black "Generalfree"]
[WhiteElo "1880"]
[BlackElo "1810"]
[Result "1/2-1/2"]
[Round "1"]
1.e4 c6
2.Ng1f3 d5
3.exd5 cxd5
4.d3 f6
5.b3 e5
6.Bc1b2 Bf8d6
7.Nb1d2 Nb8c6
8.g3 Bc8e6
9.Bf1g2 Ng8e7
10.O-O Qd8c7
11.a3 b5
12.b4 Ra8b8
13.Ra1b1 d4
14.Nd2e4 g5
15.Ne4xf6 Kf7
16.Nf6e4 h6
17.Ne4xd6 Qc7xd6
18.Rf1e1 Ne7g6
19.Nf3d2 Nc6e7
20.Nd2e4 Qd6c7
21.Ne4c5 Qc7b6
22.Nc5xe6 Qb6xe6
{ draw }
1/2-1/2

[Event "Match"]
[Site "www.echecsemail.com"]
[Date "2015.02.06"]
[Round "1"]
[White "Generalfree"]
[Black "Luzhin"]
[WhiteElo "1820"]
[BlackElo "2250"]
[Result "0-1"]
[Round "1"]
1.e4 e5
2.Ng1f3 Nb8c6
3.Bf1c4 Ng8f6
4.Nf3g5 d5
5.exd5 b5
6.Bc4xb5 Qd8xd5
7.Bb5xc6 Qd5xc6
8.O-O Bf8c5
9.d3 Bc8b7
10.Ng5f3 e4
11.Nf3h4 Ra8d8
12.Qd1e2 O-O
13.Bc1e3 Bb7a6
14.Rf1d1 Bc5xe3
15.fxe3 exd3
16.cxd3 Ba6xd3
17.Rd1xd3 Qc6c1
18.Kf2 Rd8xd3
19.Qe2xd3 Qc1xb2
20.Nb1d2 Qb2xa1
21.a3 Rf8e8
22.Qd3a6 Nf6e4
23.Nd2xe4 Qa1e5
24.Qa6c6 Qe5xe4
25.Qc6xe4 Re8xe4
{ resign }
0-1

[Event "Match"]
[Site "www.echecsemail.com"]
[Date "2015.02.06"]
[Round "1"]
[White "Generalfree"]
[Black "Neo"]
[WhiteElo "1830"]
[BlackElo "1780"]
[Result "1-0"]
[Round "1"]
1.e4 e5
2.Ng1f3 d6
3.Bf1c4 Ng8f6
4.Nf3g5 Bc8g4
5.f3 Bg4h5
6.c3 Qd8d7
7.Qd1b3 Nb8a6
8.Qb3xb7 Qd7d8
9.Qb7xa6 Bf8e7
10.g4 Bh5g6
11.Bc4b5 Nf6d7
12.Bb5c6 Ra8b8
13.Ng5h3 O-O
14.Qa6xa7 Nd7b6
15.b3 Be7h4
16.Nh3f2 Qd8f6
17.Rh1f1 Qf6xf3
18.d4 Bg6xe4
19.Bc6xe4 Qf3xe4
20.Kd1 Qe4f3
21.Kc2 Qf3e2
22.Nb1d2 Bh4g5
23.Nf2e4 Bg5xd2
24.Ne4xd2 Qe2xg4
25.dxe5 Nb6d5
26.exd6 Qg4g6
27.Kb2 Qg6xd6
28.Qa7f2 c5
29.Nd2e4 Qd6e5
30.Rf1e1 c4
31.Bc1d2 cxb3
32.axb3 Nd5b4
33.Kb1 Nb4d3
34.Ne4f6 gxf6
35.Qf2g2 Kh8
36.Re1xe5 Nd3xe5
37.Kc2 Rf8g8
38.Qg2f2 Ne5g4
39.Qf2f4 Rb8e8
40.Ra1g1 Ng4e3
41.Bd2xe3 Rg8xg1
42.Be3xg1 Re8e2
43.Kd3 Re2e6
44.Bg1d4 Kg7
45.h4 h6
46.Qf4f5 Re6d6
47.Qf5f4 Rd6e6
48.b4 { resign }
1-0

[Event "Match"]
[Site "www.echecsemail.com"]
[Date "2015.02.06"]
[Round "1"]
[White "Tomcapp"]
[Black "Derik"]
[WhiteElo "1440"]
[BlackElo "1490"]
[Result "1-0"]
[Round "1"]
1.e4 e6
2.d4 d5
3.e5 c5
4.dxc5 Bf8xc5
5.Nb1c3 Ng8e7
6.Bf1b5 Bc8d7
7.Bb5xd7 Qd8xd7
8.Ng1f3 Qd7c6
9.O-O Nb8d7
10.a3  { time }
1-0

[Event "Match"]
[Site "www.echecsemail.com"]
[Date "2015.02.06"]
[Round "1"]
[White "Joskov"]
[Black "Zazi"]
[WhiteElo "1509"]
[BlackElo "1570"]
[Result "1-0"]
[Round "1"]
1.d4 e6
2.e4 c5
3.d5 Qd8f6
4.c4 g6
5.Nb1c3 a6
6.Bc1e3 d6
7.Nc3a4 Nb8d7
8.Na4c3 Ng8e7
9.Ng1f3 h5
10.Be3g5 Qf6g7
11.Bg5f4 e5
12.Bf4e3 f6
13.Qd1b3 g5
14.Nc3a4 g4
15.Nf3h4 Ra8b8
16.Na4b6 Qg7h7
17.Bf1d3 Rh8g8
18.Nh4f5 Ne7g6
19.g3 h4
20.Nb6xc8 Rb8xc8
21.Qb3xb7 Rc8b8
22.Qb7xa6 Rb8xb2
23.Qa6c8 Kf7
24.Qc8xd7 Bf8e7
25.Nf5xd6 Kf8
26.Be3xc5 Qh7h6
27.Bc5e3 Qh6h5
28.c5 Kg7
29.Nd6f5 Kh8
30.Nf5xe7 Rg8a8
31.Ne7f5 Ra8g8
32.Be3h6 hxg3
33.Bh6g7 Kh7
34.Bg7xf6 Ng6e7
35.Qd7xe7 Kg6
36.Nf5h4 Kh6
37.fxg3 Rb2b8
38.O-O Rb8e8
39.Rf1f5 Re8xe7
40.Rf5xh5 Kxh5
41.Bf6xe7 Rg8g7
42.Nh4f5 Rg7h7
43.Bd3b5 Rh7h8
44.d6 Rh8h7
45.Bb5e8 { resign }
1-0

[Event "Match"]
[Site "www.echecsemail.com"]
[Date "2015.02.06"]
[Round "1"]
[White "Llcervello"]
[Black "Robinjut"]
[WhiteElo "1730"]
[BlackElo "1440"]
[Result "1-0"]
[Round "1"]
1.e4 e5
2.Ng1f3 Nb8c6
3.c3 Bf8d6
4.b4 a6
5.d3 Ng8f6
6.a3 O-O
7.g3 b5
8.Nf3h4 Bd6e7
9.Nh4f5 g6
10.Nf5h6 Kg7
11.Bf1h3 d6
12.g4 Qd8d7
13.a4 bxa4
14.Qd1xa4 Bc8b7
15.Bc1e3 a5
16.Qa4b5 Rf8b8
17.Qb5c4 Bb7a6
18.Qc4xf7 Kh8
19.g5 Rb8f8
20.Bh3xd7 Rf8xf7
21.Nh6xf7 Kg7
22.Bd7xc6 Ra8f8
23.gxf6 Be7xf6
24.Bc6d5 Ba6xd3
25.Be3h6 Kg8
26.Nf7xe5 { resign }
1-0

[Event "Match"]
[Site "www.echecsemail.com"]
[Date "2015.02.06"]
[Round "1"]
[White "Whitekknight"]
[Black "Gimmyg"]
[WhiteElo "1830"]
[BlackElo "1729"]
[Result "0-1"]
[Round "1"]
1.e4 Nb8c6
2.d4 e5
3.d5 Nc6e7
4.Ng1f3 Ne7g6
5.c3 Bf8c5
6.Bf1c4 Ng8f6
7.Bc4d3 O-O
8.Qd1e2 d6
9.Bc1g5 c6
10.c4 h6
11.Bg5d2 Ng6f4
12.Bd2xf4 exf4
13.O-O Rf8e8
14.Nb1c3 Bc8g4
15.h3 Bg4h5
16.Qe2d1 Bc5d4
17.Bd3e2 Bd4xc3
18.bxc3 Nf6xe4
19.Qd1d3 Bh5g6
20.Qd3d1 Ne4xc3
21.Qd1d2 Nc3xe2
22.Kh2 cxd5
23.cxd5 Ra8c8
24.Rf1e1 Qd8f6
25.Ra1d1 Ne2c3
26.Re1xe8 Rc8xe8
27.Rd1c1 Nc3e4
28.Qd2e2 Bg6h5
29.Qe2c2 Bh5xf3
30.gxf3 Ne4g5
31.Qc2d3 Qf6b2
32.Rc1c2 Ng5xf3
{ resign }
0-1

[Event "Match"]
[Site "www.echecsemail.com"]
[Date "2015.02.06"]
[Round "1"]
[White "Harrytheking"]
[Black "Gimmyg"]
[WhiteElo "1760"]
[BlackElo "1729"]
[Result "0-1"]
[Round "1"]
1.c4 b6
2.Ng1f3 Bc8b7
3.Nb1c3 e6
4.a3 Ng8f6
5.h3 Bf8c5
6.e3 O-O
7.b4 Bc5e7
8.Bf1e2 c5
9.b5 d5
10.d3 d4
11.exd4 cxd4
12.Nc3a4 a6
13.Bc1f4 axb5
14.cxb5 Nb8d7
15.O-O Nf6d5
16.Bf4g3 Ra8a5
17.Nf3xd4 Qd8a8
18.Nd4c6 Ra5xa4
19.Nc6xe7 Nd5xe7
20.Be2f3 Bb7xf3
21.gxf3 Ne7f5
22.Bg3h2 Nf5h4
23.Bh2g3 Nh4xf3
24.Kh1 Nf3d2
25.Kg1 Nd2xf1
26.Qd1xf1 Ra4xa3
27.Ra1c1 Rf8c8
28.Rc1d1 Rc8c2
29.d4 Nd7f6
30.Qf1e1 Ra3xg3
{ resign }
0-1

[Event "Match"]
[Site "www.echecsemail.com"]
[Date "2015.02.06"]
[Round "1"]
[White "Generalfree"]
[Black "Llcervello"]
[WhiteElo "1850"]
[BlackElo "1720"]
[Result "0-1"]
[Round "1"]
1.e4 e5
2.Ng1f3 d6
3.Bf1c4 Bc8e6
4.Bc4xe6 fxe6
5.d3 Ng8f6
6.b3 d5
7.exd5 Qd8xd5
8.c4 Qd5c5
9.h3 Nb8c6
10.Nb1c3 Qc5b4
11.Bc1b2 O-O-O
12.O-O e4
13.a3 Qb4b6
14.Nc3a4 Qb6a5
15.Bb2c3 Qa5f5
16.Nf3h4 Qf5f4
17.g3 Qf4g5
18.Bc3d2 Qg5e5
19.dxe4 Nf6xe4
20.Nh4f3 Rd8xd2
21.Nf3xd2 Nc6d4
22.Rf1e1 Nd4xb3
23.Nd2xb3 Qe5f5
24.Qd1d4 c5
25.Na4xc5 Ne4xc5
26.Re1e5 Nc5xb3
27.Re5xf5 Nb3xd4
28.Rf5e5 Nd4f3
29.Kg2 Nf3xe5
{ resign }
0-1

[Event "Match"]
[Site "www.echecsemail.com"]
[Date "2015.02.06"]
[Round "1"]
[White "Goofy"]
[Black "Apdash"]
[WhiteElo "2240"]
[BlackElo "2150"]
[Result "1-0"]
[Round "1"]
1.e4 c5
2.Nb1c3 e6
3.Ng1f3 d5
4.Bf1b5 Nb8c6
5.exd5 exd5
6.Qd1e2 Bf8e7
7.Nf3e5 Qd8d6
8.O-O Bc8e6
9.Bb5xc6  { time }
1-0

[Event "Match"]
[Site "www.echecsemail.com"]
[Date "2015.02.06"]
[Round "1"]
[White "Generalfree"]
[Black "Canario"]
[WhiteElo "1850"]
[BlackElo "1670"]
[Result "0-1"]
[Round "1"]
1.e4 e5
2.Ng1f3 Nb8c6
3.Bf1c4 h6
4.c3 Ng8f6
5.d3 a6
6.a3 Bf8c5
7.b4 Bc5a7
8.h3 d6
9.a4 Bc8e6
10.Bc4xe6 fxe6
11.Nb1a3 d5
12.O-O dxe4
13.dxe4 Qd8xd1
14.Rf1xd1 Nf6xe4
15.Ra1a2 Ne4xc3
16.Ra2d2 Nc3xd1
17.Rd2xd1 e4
18.Nf3h4 Nc6e5
19.Bc1f4 Ne5d3
20.Rd1d2 Nd3xf4
{ resign }
0-1

[Event "Match"]
[Site "www.echecsemail.com"]
[Date "2015.02.06"]
[Round "1"]
[White "Oxycontin"]
[Black "Cardiff"]
[WhiteElo "2030"]
[BlackElo "1990"]
[Result "1/2-1/2"]
[Round "1"]
1.d4 Ng8f6
2.Bc1g5 c5
3.Bg5xf6 exf6
4.d5 d6
5.Ng1f3 Bf8e7
6.Nb1c3 O-O
7.e4 f5
8.exf5 Be7f6
9.Qd1d3 Rf8e8
10.Bf1e2 Nb8d7
11.O-O a6
12.Nc3e4 Nd7e5
13.Ne4xf6 Qd8xf6
14.Nf3xe5 Re8xe5
15.Be2f3 Bc8xf5
16.Qd3d2 Ra8e8
17.Rf1e1 Re5xe1
18.Ra1xe1 Re8xe1
{ draw }
1/2-1/2

[Event "Match"]
[Site "www.echecsemail.com"]
[Date "2015.02.06"]
[Round "1"]
[White "Difficult"]
[Black "Hardland"]
[WhiteElo "1880"]
[BlackElo "1790"]
[Result "1-0"]
[Round "1"]
1.d4 Ng8f6
2.c4 d6
3.Nb1c3 g6
4.e4 Bf8g7
5.Ng1f3 O-O
6.Bf1e2 Nb8d7
7.h3 e5
8.d5 c6
9.O-O a6
10.dxc6 bxc6
11.Qd1xd6 Nf6e8
12.Qd6xc6 Nd7b6
13.Bc1e3 Ra8b8
14.Rf1d1 Nb6d7
15.Ra1b1 Bc8b7
16.Qc6xd7 Qd8xd7
17.Rd1xd7 Bb7c6
18.Rd7d2 Ne8c7
19.Nc3d5 Nc7e6
20.Nd5e7 { resign }
1-0

[Event "Match"]
[Site "www.echecsemail.com"]
[Date "2015.02.06"]
[Round "1"]
[White "Umzi"]
[Black "Neo"]
[WhiteElo "2130"]
[BlackElo "1760"]
[Result "1-0"]
[Round "1"]
1.e4 e5
2.Nb1c3 d6
3.f4 exf4
4.d4 g5
5.Bf1c4 h6
6.Qd1h5 Rh8h7
7.h4 Ng8f6
8.Qh5e2 Bc8g4
9.Qe2f2 Nb8c6
10.hxg5 hxg5
11.Rh1xh7 Nf6xh7
12.Bc1xf4 gxf4
13.Qf2xf4 Nh7f6
14.Nc3d5 Bf8g7
15.Nd5xf6 Bg7xf6
16.Qf4xg4 Bf6xd4
17.Qg4g8 Ke7
18.Qg8xf7 
1-0

[Event "Match"]
[Site "www.echecsemail.com"]
[Date "2015.02.06"]
[Round "1"]
[White "Ipes"]
[Black "Fresnel"]
[WhiteElo "1499"]
[BlackElo "1499"]
[Result "0-1"]
[Round "1"]
1.e4 c5
2.d4 cxd4
3.Qd1xd4 Nb8c6
4.Qd4a4 Ng8f6
5.Bc1g5 e6
6.Nb1c3 Bf8e7
7.O-O-O Nf6xe4
8.Nc3xe4 Be7xg5
9.Kb1 Bg5e7
10.Ne4c5 Be7xc5
11.Ng1f3 Bc5xf2
12.Bf1b5 O-O
13.Rh1f1 Bf2c5
14.g4 Qd8c7
15.h3 d5
 { time }
0-1

[Event "Match"]
[Site "www.echecsemail.com"]
[Date "2015.02.06"]
[Round "1"]
[White "Guidom"]
[Black "4knights"]
[WhiteElo "2020"]
[BlackElo "1499"]
[Result "1-0"]
[Round "1"]
1.e4 e5
2.Ng1f3 Ng8f6
3.Nb1c3 Nb8c6
4.d3 d5
5.exd5 Nf6xd5
6.Nc3xd5 Qd8xd5
7.Bc1d2 Bc8e6
8.Bf1e2 Bf8d6
9.O-O O-O
10.Nf3g5 Be6f5
11.Be2f3 Qd5b5
12.Qd1c1 Nc6d4
13.c4 Nd4xf3
14.Ng5xf3 Qb5c6
15.Qc1c3 Rf8e8
16.Rf1e1 a5
17.a3 Bf5g4
18.Nf3g5 Bg4f5
19.Ng5e4 b6
20.f3 Bf5xe4
21.dxe4 Bd6c5
22.Kh1 Ra8d8
23.Ra1d1 Qc6g6
24.Bd2e3 Bc5xe3
25.Qc3xe3 Qg6f6
26.b4 Rd8d4
27.Rd1xd4 exd4
28.Qe3d3 Qf6d6
29.b5 f5
30.h3 Re8e6
31.Re1e2 g6
32.exf5 Re6xe2
33.Qd3xe2 gxf5
34.Qe2d3 Qd6e5
35.Kg1 Kf7
36.Kf2 h5
37.Qd3e2 Qe5xe2
38.Kxe2 Ke6
39.Kd3 Ke5
40.g3 Kd6
41.Kxd4 c5
42.bxc6 Kxc6
43.a4 { resign }
1-0

[Event "Match"]
[Site "www.echecsemail.com"]
[Date "2015.02.06"]
[Round "1"]
[White "4knights"]
[Black "Harrytheking"]
[WhiteElo "1499"]
[BlackElo "1750"]
[Result "1-0"]
[Round "1"]
1.d4 b6
2.c4 Bc8b7
3.Nb1c3 e6
4.e4 h6
5.Ng1f3 d6
6.Bf1d3 Nb8d7
7.O-O Ng8e7
8.Rf1e1 Ne7g6
9.Bc1e3 Bf8e7
10.Ra1c1 O-O
11.Qd1d2 c6
12.Re1e2 Nd7f6
13.Rc1e1 a5
14.e5 dxe5
15.Bd3xg6 fxg6
16.Be3xh6 c5
17.Nf3xe5 Kh7
18.Bh6e3 Nf6e4
19.Nc3xe4 Bb7xe4
20.Be3f4 Be4f5
21.g4 g5
22.Ne5c6 Qd8d7
23.Nc6xe7 gxf4
24.gxf5 Qd7xe7
25.Re2xe6 Qe7g5
26.Kh1 Rf8xf5
27.Qd2d3 g6
28.Qd3h3 Qg5h6
29.Re6e7 { resign }
1-0

[Event "Match"]
[Site "www.echecsemail.com"]
[Date "2015.02.06"]
[Round "1"]
[White "Nestor"]
[Black "Xkafi"]
[WhiteElo "2080"]
[BlackElo "2000"]
[Result "1-0"]
[Round "1"]
1.e4 e5
2.Nb1c3 c6
3.Bf1c4 Bf8c5
4.d3 h6
5.Ng1e2 a5
6.O-O b5
7.Nc3xb5 cxb5
8.Bc4xb5 Ng8e7
9.Kh1 Qd8b6
10.Bb5a4 Bc5xf2
11.c3 Bf2h4
12.Ba4b3 f6
13.d4 exd4
14.Ne2xd4 Bc8a6
15.Qd1h5 Kd8
16.Bc1e3 Qb6c7
17.Qh5xh4 Ba6xf1
18.Ra1xf1 Nb8c6
19.Qh4g4 Rh8h7
20.Rf1d1 Nc6e5
21.Qg4h3 g5
22.Nd4e6 { resign }
1-0

[Event "Match"]
[Site "www.echecsemail.com"]
[Date "2015.02.06"]
[Round "1"]
[White "E4player"]
[Black "Guidom"]
[WhiteElo "1809"]
[BlackElo "2030"]
[Result "1-0"]
[Round "1"]
1.e4 e5
2.Ng1f3 Nb8c6
3.Bf1c4 d6
4.O-O Bf8e7
5.d4 exd4
6.Nf3xd4 Nc6e5
7.Bc4b3 Ng8f6
8.Nb1c3 a6
9.f4 Ne5g6
10.Rf1e1 O-O
11.a4 c5
12.Nd4f5 Bc8xf5
13.exf5 Ng6h8
14.g4 Nf6d7
15.g5 Rf8e8
16.Nc3d5 Nd7b6
17.f6 gxf6
18.Re1xe7 Re8xe7
19.Nd5xf6 Kf8
20.Nf6xh7 Kg7
21.Qd1h5 Nb6d7
22.Bc1d2 Nh8g6
23.Qh5h6 Kg8
24.Qh6xg6 Kh8
25.Bd2c3 Nd7e5
26.Qg6h6 { resign }
1-0

[Event "Match"]
[Site "www.echecsemail.com"]
[Date "2015.02.06"]
[Round "1"]
[White "Tenzinnima"]
[Black "Drdoom"]
[WhiteElo "2270"]
[BlackElo "1730"]
[Result "1-0"]
[Round "1"]
1.e4 e5
2.Ng1f3 Nb8c6
3.Bf1c4 h6
4.O-O Ng8f6
5.d4 d6
6.Nb1c3 Bc8g4
7.Bc1e3 a6
8.h3 Bg4xf3
9.Qd1xf3 b5
10.Nc3xb5 axb5
11.Bc4xb5 Bf8e7
12.Bb5xc6 Nf6d7
13.Bc6xa8 Qd8xa8
14.d5 Be7g5
15.Rf1e1 Qa8b8
16.Be3c1 Bg5xc1
17.Ra1xc1 O-O
18.Qf3a3 Nd7c5
19.c4 Qb8d8
20.b4 Nc5d7
21.c5 Qd8b8
22.cxd6 cxd6
23.Qa3b3 Qb8b5
24.a4 Qb5a6
25.Rc1c6 Qa6a8
26.Re1c1 Qa8b8
27.a5 Nd7f6
28.Qb3c4 Nf6e8
29.b5 { resign }
1-0